01325nam a22003134c 4500003000900000008004100009020001800050040002500068041001800093080001100111100002200122245002000144264003100164300004100195336002700236337003300263338002800296490004200324500003500366520025000401521001300651650003700664650001500701700003800716942001400754999001300768952011600781952011400897AR-BaSMT240627t2021 enka|||ar|||| 000 1 ing d a9781474990141 aBSGBbespañolerda0 ainghInglés a82-34 1 aCowan, Laura948314aThe Baobab Tree aLondres : bUsborne,c2021 a24 páginas ; bilustraciones color 2rdacontentatextobtxt 2rdamediaasin mediaciónbn 2rdacarrieravolumenbnc aUsborne English Readers Starter Level aWith activities and free audio aLong ago, the gods created the Baobab tree... and the Baobab tree was not happy. It didn't like the weather, it resented the birds and animals and envied the other trees. Finally the gods tired of its constant complaints and took drastic action. aPrimaria 798aLITERATURA INFANTILvInglés 7923aCUENTO1 aLópez, JesúseIlustrador9487 2ddcaBOOK c650d650 00102ddc40aBSGBbBSGBcInglés - AzuleCompra feria del libro 2026i000945l0o82-34 COWp000945t1yBOOKf 00102ddc40aBSGBbBSGBcInglés - AzuleCompra feria del libro 2026i000929l0o82-34 COWp000929t2yBOOK